Statystyki dla Flagi państw graniczących z Austrią

Kliknij tutaj aby rozwiązać quiz!

Ogólne statystyki

  • Ten quiz został rozwiązany 82 razy
  • Średni wynik to 8 z 8

Statystyki odpowiedzi

Odpowiedź% Poprawnych
Czechy
100%
Niemcy
100%
Słowacja
100%
Szwajcaria
100%
Włochy
100%
Węgry
96%
Słowenia
95%
Liechtenstein
88%

Rozkład punktacji

Percentyl według liczby udzielonych odpowiedzi

Procent ludzi z każdym wynikiem

Twoja historia wyników

Nie rozwiązałeś tego quizu